Minerals of California, (Record no. 28262)
[ view plain ]
| 000 -LEADER | |
|---|---|
| fixed length control field | 00986cam a22002771 4500 |
| 001 - CONTROL NUMBER | |
| control field | gs 48000075 |
| 003 - CONTROL NUMBER IDENTIFIER | |
| control field | DLC |
| 005 - DATE AND TIME OF LATEST TRANSACTION | |
| control field | 20260227111353.0 |
| 008 - FIXED-LENGTH DATA ELEMENTS--GENERAL INFORMATION | |
| fixed length control field | 770815s1948 caua 000 0 eng c |
| 010 ## - LIBRARY OF CONGRESS CONTROL NUMBER | |
| LC control number | gs 48000075 |
| 035 ## - SYSTEM CONTROL NUMBER | |
| System control number | (OCoLC)3188938 |
| 040 ## - CATALOGING SOURCE | |
| Original cataloging agency | U.S. Geol. Survey. Library |
| Transcribing agency | TxEU |
| Modifying agency | DLC |
| 042 ## - AUTHENTICATION CODE | |
| Authentication code | premarc |
| 050 00 - LIBRARY OF CONGRESS CALL NUMBER | |
| Classification number | TN24.C2 |
| Item number | A3 no. 136 |
| 051 ## - LIBRARY OF CONGRESS COPY, ISSUE, OFFPRINT STATEMENT | |
| Classification number | TN24.C2 |
| Item number | M8 |
| Copy information | Copy 2. |
| 051 ## - LIBRARY OF CONGRESS COPY, ISSUE, OFFPRINT STATEMENT | |
| Classification number | TN24.C2 |
| Item number | A3 Suppl. no. 136 |
| Copy information | Supplement. San Franciso. |
| 100 1# - MAIN ENTRY--PERSONAL NAME | |
| Personal name | Murdoch, Joseph, |
| Dates associated with a name | 1890- |
| 245 10 - TITLE STATEMENT | |
| Title | Minerals of California, |
| Statement of responsibility, etc. | by Joseph Murdoch and Robert W. Webb. |
| 260 ## - PUBLICATION, DISTRIBUTION, ETC. | |
| Place of publication, distribution, etc. | San Francisco, |
| Name of publisher, distributor, etc. | California State Print. Off., |
| Date of publication, distribution, etc. | 1948. |
| 300 ## - PHYSICAL DESCRIPTION | |
| Extent | 402 p. |
| Other physical details | col. plates, map |
| Dimensions | 24 cm. |
| 490 0# - SERIES STATEMENT | |
| Series statement | California. Dept. of Natural Resources. Division of Mines. Bulletin 136 |
| 504 ## - BIBLIOGRAPHY, ETC. NOTE | |
| Bibliography, etc. note | Bibliography: p. 321-402. |
| 650 #0 - SUBJECT ADDED ENTRY--TOPICAL TERM | |
| Topical term or geographic name entry element | Mineralogy |
| Geographic subdivision | California. |
| 650 #0 - SUBJECT ADDED ENTRY--TOPICAL TERM | |
| Topical term or geographic name entry element | Mines and mineral resources |
| Geographic subdivision | California. |
| 700 1# - ADDED ENTRY--PERSONAL NAME | |
| Personal name | Webb, Robert Wallace, |
| Dates associated with a name | 1909- |
| Relator term | joint author. |
No items available.